| 000 | 00808nam a2200289 a 4500 | ||
|---|---|---|---|
| 001 | 67210 | ||
| 003 | BD-RjUL | ||
| 005 | 20211209081627.0 | ||
| 008 | 170322m19801971enka 001 0 eng d | ||
| 020 | _a0408003707 | ||
| 035 | _a(BD-RjUL)67341 | ||
| 035 | _a(OCoLC)04056003 | ||
| 035 | _aGLIS00074011 | ||
| 040 |
_aDLC _cDLC _dBD-RjUL _beng |
||
| 041 | _aeng | ||
| 082 |
_223 _a621.381535 _bCLO 1980 |
||
| 099 | _aTK7871.58.O6.C53 1979 | ||
| 100 | 1 |
_aClayton, G. B. _q(George Burbridge) _942612 |
|
| 245 | 1 | 0 |
_aOperational amplifiers / _cG. B. Clayton. |
| 250 | _a2nd ed. | ||
| 260 |
_aLondon : _bButterworths, _c1980. |
||
| 300 |
_a[5] 410 p. : _bill. ; _c23 cm. |
||
| 500 | _aIncludes indexes. | ||
| 650 | 0 |
_aOperational amplifiers. _9199110 |
|
| 942 |
_2ddc _cBK |
||
| 999 |
_c67210 _d67210 |
||